| 000 | 00358pam a2200157a 44500 | ||
|---|---|---|---|
| 008 | 230515b1979 xxu||||| |||| 00| 0 eng d | ||
| 020 | _aNULL | ||
| 041 | _aENGLISH | ||
| 082 | _a657 | ||
| 100 | _aGARBUTT DOUGLAS | ||
| 245 | _aCARTERS ADVANCED ACCOUNTS | ||
| 250 | _a7 | ||
| 260 |
_aDELHI _bPITMAN AND SONS LTD _c1979 |
||
| 300 | _a2976 | ||
| 650 | _aNULL | ||
| 999 |
_c650713 _d650713 |
||